| 000 | 00840nam a2200217Ia 4500 | ||
|---|---|---|---|
| 003 | GCL | ||
| 008 | 140319s9999 xx 000 0 ara d | ||
| 040 |
_aGCL / _cGCL |
||
| 082 | 0 | 4 |
_a953 _bك ا \\=aكليفورد ا. بوريثv |
| 245 | 1 | 0 | _aالاسرات الحاكمة فى التاريخ الاسلامى: دراسة فى التاريخ والانساب |
| 700 | 1 | _aحسين على البودى \\=aسليمان ابراهيم العسكرىv | |
| 300 | _a291 ص | ||
| 490 |
_aالهيئة العامة للاستعلامات _v0 |
||
| 650 | 0 | 4 | _aالدولة الفاطمية |
| 650 | 0 | 4 | _aالتاريخ الاسلامى |
| 650 | 0 | 4 | _aالدولة الطولونية |
| 650 | 0 | 4 | _aالدولة السلجوقية |
| 650 | 0 | 4 | _aالعباسيون |
| 650 | 0 | 4 | _aالعالم الاسلامى - تاريخ |
| 942 |
_2ddc _cBK |
||
| 999 |
_c51791 _d51791 |
||